| 000 | 01232cam a2200181ua 4500 | ||
|---|---|---|---|
| 020 | _c8.60 | ||
| 041 |
_aeng _h |
||
| 082 |
_a028.78624 _bPUB/MA |
||
| 110 | 1 |
_aPublic Works Department . _bPWD _c(Chennai, Tamil Nadu ) |
|
| 245 |
_aMadras detailed standard specifications / _cPublic Works Department, Madras. _hTextual Documents |
||
| 250 |
_a1 / _b. |
||
| 260 |
_aChennai : _bPublic Works Department , _c1964. |
||
| 300 | _a350 ; . | ||
| 365 | _a8.60 | ||
| 504 | _a | ||
| 942 | _cBK | ||
| 999 |
_c7652 _d7652 |
||